000 01266nam a22003977a 4500
001 0038271
003 KOHA_MİRAKIL
005 20260207003106.0
007 ta
008 121001b1991 tu a|||gr||||#||||0|tur |
020 _a9754922802
040 _aTR-BiSEU
_btur
_cTR-BiSEU
_erda
041 0 _atur
044 _ctu
050 _aTL671.6
_b.P44 1991
100 1 _aPeery, David J..
240 1 0 _aaircraft structures
_lTürkçe
245 1 _aUçak yapıları =
_baircraft structures/
_cDavid J. Peery ; David J. Peery, J. J. Azar .
264 1 _a[Eskişehir] :
_bAnadolu Üniversitesi
_c1991
300 _aXII, 630 sayfa :
_bresimli
336 _ametin
_btxt
_2rdacontent
337 _aaracısız
_bn
_2rdamedia
338 _acilt
_bnc
_2rdacarrier
490 1 _aAnadolu Üniversitesi yayın ;
_vno.
490 1 _a549.
490 1 _aSivil Havacılık Meslek Yüksekokulu yayın ;
_vno.
490 1 _a3.
500 _aKaynakça var.
650 0 _aUçaklar--Tasarım ve yapım.
_926096
650 0 _aAirplanes--Design and construction.
_926097
830 1 _aAnadolu Üniversitesi yayın ;
_vno.
_938202
830 1 _a549.
_97844
830 1 _aSivil Havacılık Meslek Yüksekokulu yayın ;
_vno.
_972161
830 1 _a3.
_95553
942 _2lcc
_cBK
999 _c38502
_d38502